000 00686nam a2200253 a 4500
001 adlib96000001
003 ViArRB
005 200902210153555.7
008 960221s1955 dcuabcdjdbkoqu001 0deng d
020 _a
022 _a
040 _aAdlib
082 _a553(548.4)
245 _aMineral Wealth of Andra Pradesh and Mineral based industries
250 _a
260 _aHydrabad
_bA P M C
_c1975
300 _axx, 86p.
_c
500 _a
100 _aAndra Pradesh
_e
700 _a
_a
942 _cBK
653 _aEconomic geology
_aMinerals
_aOres
952 _w2010-06-16
_p00013997
_r2010-06-16
_40
_00
_bUL
_10
_o553(548.4) AND
_d2010-06-16
_70
_yBK
_aUL
999 _c16394
_d16393